000 00481nam a22001817a 4500
003 BUBTL
008 171217b xxu||||| |||| 00| 0 eng d
020 _a1-85573-976-3
082 _a677JEB
100 _91666
_aJeffries,R
245 _aBicomponent Fibres :
_cR.Jeffries
300 _av,70 p. :
_bill. ;
_c21 cm.
440 _91667
_aA Merrow Monograph
650 0 _9909
_aTextile Engineering
856 _k0
_l0
_yDownload
942 _2ddc
_cBK
999 _c5612
_d5612